Culture Générale -Série 189 - Statistiques

Statistiques générales
  • Ce quiz a été pris 301 fois
  • Le résultat moyen est 8 sur 10
Statistiques - réponses
Question Réponse % Correct
Quel genre d'animal est Dingo, l'ami de Mickey ? Un chien
97%
Quel superhéros se cache derrière l'identité de Peter Parker ? Spider-Man
89%
De quel héros de bande dessinée Rastapopoulos est-il l'ennemi intime ? Tintin
84%
Dans quel pays êtes-vous si vous allez au "Museum of Modern Art", dit MoMA ? Etats-Unis
83%
Dans quelle mer se jette le Danube ? La mer Noire
74%
Quel sport vaut à Dimitri Yachvili plus de 30 sélections en équipe de France ? Le rugby
74%
A quel pays appartient l'île de Pâques située dans l'océan Pacifique ? Le Chili
72%
Dans la chanson "Le Dîner", que veut commander Bénabar, caché sous les draps ? Des pizzas
69%
En musique, quel signe baisse d'un demi-ton la note qu'il précède ? Le bémol
67%
Au tennis, quel coup consiste à faire retomber la balle avec peu de rebond ? L'amorti
61%
Aucun quiz correspondant
Distribution des résultats
% des personnes avec chaque résultat
Percentile par nombre de réponses
Votre historique - résultats
Vous n’avez pas pris ce quiz